|
|
|
|
| LEADER |
00000naa2a2200000 4500 |
| 001 |
420804 |
| 005 |
20240117154051.0 |
| 035 |
|
|
|a (RuTPU)RU\TPU\prd\78442
|
| 035 |
|
|
|a RU\TPU\tpu\8471
|
| 090 |
|
|
|a 420804
|
| 100 |
|
|
|a 20100323a1987 k y0rusy50 ca
|
| 101 |
0 |
|
|a rus
|
| 102 |
|
|
|a RU
|
| 200 |
1 |
|
|a Исследование реакции комплексообразования производных салициловой кислоты
|f Н. М. Новикова, З. М. Волохова, В. Т. Новиков
|
| 461 |
|
1 |
|0 (RuTPU)RU\TPU\prd\192
|x 0579-2991
|t Известия вузов. Химия и химическая технология
|o научно-технический журнал
|f Министерство высшего и среднего специального образования СССР
|d 1958-
|
| 463 |
|
1 |
|0 (RuTPU)RU\TPU\prd\78438
|t Т. 30, № 1
|v с. 17-21
|d 1987
|
| 610 |
1 |
|
|a труды учёных ТПУ
|
| 701 |
|
1 |
|a Новикова
|b Н. М.
|c ХТФ
|f 1947-
|g Нина Михайловна
|3 (RuTPU)RU\TPU\pers\3207
|
| 701 |
|
1 |
|a Волохова
|b З. М.
|c ХТФ
|f 1964-
|g Зинаида Михайловна
|3 (RuTPU)RU\TPU\pers\3210
|
| 701 |
|
1 |
|a Новиков
|b В. Т.
|c химик
|c доцент Томского политехнического университета, кандидат химических наук
|f 1946-
|g Виктор Тимофеевич
|3 (RuTPU)RU\TPU\pers\28718
|9 13515
|
| 801 |
|
1 |
|a RU
|b 63413507
|c 20020506
|g PSBO
|
| 801 |
|
2 |
|a RU
|b 63413507
|c 20170111
|g PSBO
|
| 942 |
|
|
|c BK
|